Linear circuits (Record no. 10791)

000 -LEADER
fixed length control field 00630nam a2200217 a 4500
001 - CONTROL NUMBER
control field 10791
003 - CONTROL NUMBER IDENTIFIER
control field BD-DhUET
008 - FIXED-LENGTH DATA ELEMENTS--GENERAL INFORMATION
fixed length control field 910613t19641960maua 001 0 eng d
040 ## - CATALOGING SOURCE
Original cataloging agency DLC
Transcribing agency DLC
Modifying agency BD-DhUET
082 04 - DEWEY DECIMAL CLASSIFICATION NUMBER
Classification number 623.01
Item number SCO/1960
100 1# - MAIN ENTRY--PERSONAL NAME
Personal name Scott, Ronald E.
245 10 - TITLE STATEMENT
Title Linear circuits
250 ## - EDITION STATEMENT
Edition statement 1st. ed.
260 ## - PUBLICATION, DISTRIBUTION, ETC. (IMPRINT)
Place of publication, distribution, etc. Reading
Name of publisher, distributor, etc. Addison-Wesley
Date of publication, distribution, etc. 1960
300 ## - PHYSICAL DESCRIPTION
Extent xii, 928 p.
Other physical details ill.
Dimensions 24 cm.
490 1# - SERIES STATEMENT
Series statement Addison-Wesley series in the engineering sciences. Electrical engineering
500 ## - GENERAL NOTE
General note part-1
time-domain analysis
650 #0 - SUBJECT ADDED ENTRY--TOPICAL TERM
Topical term or geographic name as entry element Electric circuits, Linear
700 1# - ADDED ENTRY--PERSONAL NAME
Personal name Essigmann, Martin W.
942 ## - ADDED ENTRY ELEMENTS (KOHA)
Koha item type General Book
Holdings
Shelving location Koha normalized classification for sorting Lost status Price effective from Sublocation or collection (holding branch) Date acquired Withdrawn status Copy number Koha item type Koha full call number Source of classification or shelving scheme Piece designation (barcode) Koha date last seen Not for loan Location (home branch) Damaged status
Circulation section623_010000000000000_SCO_1960 2015-02-10Central Library, BUET2015-02-10 1General Book623.01/SCO/1960 793072015-02-10 Central Library, BUET 
Circulation section623_010000000000000_SCO_1960 2015-03-24Central Library, BUET2015-03-24 2General Book623.01/SCO/1960 54002015-03-24 Central Library, BUET 
Circulation section623_010000000000000_SCO_1960 2015-03-30Central Library, BUET2015-03-30 3General Book623.01/SCO/1960 246122015-03-30 Central Library, BUET